Medulla S. Thomae Aquinatis per pmnes anni liturgici dies distributa seu meditationes ex operibus S. Thomae depromptae.

Detalles Bibliográficos
Autor principal: MEZARD, D.
Formato: Libro
Publicado: París
Materias:
Colección:Banco de datos
Acervo:Biblioteca del Convento de Santa Mónica de la Ciudad de Puebla. Puebla
Descripción Física:t. I
Tema general:Teología
Notas:Regular. C4, 2.
LEADER 00686nam a22002050004500
035 |a 50974 
036 |a 742 
100 1 |a MEZARD, D. 
245 1 0 |a Medulla S. Thomae Aquinatis per pmnes anni liturgici dies distributa seu meditationes ex operibus S. Thomae depromptae. 
260 |a París  |b imp. P. Lethielleux 
300 |a t. I 
500 |a Regular. C4, 2. 
650 1 0 |a Teología 
949 |a CRP 
959 |a Ex convento de Santa Mónica. Puebla, Puebla  |b CCC5 
960 |a Convento de Santa Mónica de la ciudad de Puebla  |b DD88 
961 |a Franciscana  |b OF 
942 |c CRP-SM 
943 |g Biblioteca del Convento de Santa Mónica de la Ciudad de Puebla. Puebla 
999 |c 961312  |d 961312